| 000 | 00648cam a2200217 a 4500 | ||
|---|---|---|---|
| 001 | 000017561 | ||
| 005 | 20200929165143.0 | ||
| 008 | 500101s1949 sp 000 1 spa d | ||
| 040 |
_dBNPHU _aDO-SdBNP |
||
| 082 |
_a863.64 _bJ91s |
||
| 100 | 1 |
_aJuan Arbó, Sebastiàn, _d1902-1984 _924440 |
|
| 245 | 1 | 0 |
_aSobre las piedras grises / _cSebastián Juan Arbó. |
| 260 |
_aBarcelona : _bDestino, _c1949. |
||
| 300 |
_a309 p. ; _c19 cm. |
||
| 490 | 0 |
_aÁncora y delfín _v46 |
|
| 650 | 4 |
_aNovela española _91123 |
|
| 650 | 4 |
_aLiteratura española _9632 |
|
| 830 | 1 |
_aÁncora y delfín ; _v46 _94704 |
|
| 910 | _aCatalogación derivada | ||
| 049 | _aBNGR | ||
| 999 |
_c17086 _d17086 |
||